Chinese Administrative Divisions by HDI - Statistics

General Stats
  • This quiz has been taken 83 times
  • The average score is 20 of 31
Answer Stats
First
Letter
Administrative Division HDI % Correct
B Beijing 0.912
100%
S Shanghai 0.901
97%
T Tianjin 0.867
86%
G Guangdong 0.823
83%
J Jiangsu 0.836
81%
F Fujian 0.812
72%
Z Zhejiang 0.823
72%
H Hubei 0.803
69%
I Inner Mongolia 0.807
69%
T Tibet 0.656
69%
H Hunan 0.790
64%
X Xinjiang 0.771
64%
A Anhui 0.776
61%
C Chongqing 0.804
61%
Q Qinghai 0.727
61%
S Shaanxi 0.802
61%
H Hainan 0.790
58%
G Gansu 0.731
56%
H Hebei 0.771
56%
H Heilongjiang 0.778
56%
L Liaoning 0.803
56%
S Shandong 0.798
56%
Y Yunnan 0.737
56%
G Guizhou 0.734
53%
J Jilin 0.787
53%
S Shanxi 0.800
53%
G Guangxi 0.760
50%
J Jiangxi 0.777
50%
S Sichuan 0.771
50%
H Henan 0.769
47%
N Ningxia 0.773
47%
No matching quizzes found
Score Distribution
Percent of People with Each Score
Percentile by Number Answered
Your Score History
You have not taken this quiz